Attachable 'AT-'s Quiz Stats

Quiz not verified by Sporcle

Also try: Assembled 'AS-'s
Challenge
Share
Tweet
Embed
Score 0/20 Timer 03:00
0 Plays Today
% Correct
ATTEND
96.7%
ATTEMPT
95%
ATTACKED
95%
ATTAR
94.8%
ATONE
94.4%
ATTAINTED
94.3%
ATTRIBUTE
94.3%
ATTUNED
94.2%
ATTRACT
93.8%
ATTESTER
92.7%
% Correct
ATTIC
91.6%
ATHEIST
86.4%
ATWEEN
68.6%
ATWITTER
62.2%
ATOM
49.9%
ATTRACTIVE
40.3%
ATTENDANCE
38%
ATTACHE
36.2%
ATRIA
33.7%
ATINGLE
31.4%

You're not logged in!

Compare scores with friends on all Sporcle quizzes.
Join for Free
OR
Log In

You Might Also Like...

Show Comments

Extras

Top Quizzes Today


Score Distribution

Your Account Isn't Verified!

In order to create a playlist on Sporcle, you need to verify the email address you used during registration. Go to your Sporcle Settings to finish the process.

Report this User

Report this user for behavior that violates our Community Guidelines.

Details: